01067cam a22001694a 4500020001500000020001800015020001500033020001800048040000800066041000800074082002600082100001700108245006300125300004400188520064300232650002200875 a1578082609 a9781578082605 a2100052799 a9782100052790 cDLC1 hfre00a631 TOU 2001 A053 Co.1 aTourte, Yves10aGenetically modified organisms :btransgenesis in plants / aix, 113 pages :billustrations ;c24 cm1 a"In this topical work, the author responds to some questions and furnishes the tools needed to understand GM plants: the theoretical and historical bases of genetic engineering, particularly GM plants (genetic information, techniques of gene transfer ...); research programmes and results in various domains (agro-food, health, environment ...); and the practical, legal, and ethical questions posed by society and the responses of scientists, legislators, and industry." "Students of biology or agriculture will find here the tools and information they need. The work will also interest everyone concerned or curious about GMOs."--Jacket 0aTransgenic plants